| 000 | 00847nam a22002297a 4500 | ||
|---|---|---|---|
| 005 | 20200104041632.0 | ||
| 008 | 150114b2002 ck |||||r|||| 00| 0 spa d | ||
| 040 |
_aCO-BoIAVH _cCO-BoIAVH |
||
| 041 | _aspa | ||
| 044 | _ack | ||
| 090 |
_aEA _b00260 |
||
| 245 |
_aUn Campo para el Futuro Balance de Gobierno 2002-2010: _bLogros y Avances Investigación y Desarrollo Tecnológico para el Sector Agropecuario y Pesquero |
||
| 260 |
_a[Sin lugar de publicación] _bMinisterio de Agricultura y Desarrollo Rural, _c[2002?] |
||
| 300 |
_a43 pag _bTab, graf. _c24 cm. |
||
| 650 | 6 |
_aProducción agropecuaria _931504 |
|
| 650 |
_aIndustria pesquera _9328 |
||
| 650 |
_aDesarrollo agrícola _931506 |
||
| 650 |
_aBiotecnología agrícola _9462 |
||
| 650 |
_aInvestigación agraria _931507 |
||
| 650 |
_aTecnología agropecuaria _931508 |
||
| 942 |
_2z _cLIBRO |
||
| 999 |
_c8972 _d8972 |
||